ICon: Steve Jobs, the greatest second act in the history of business (Record no. 26275)

000 -LEADER
fixed length control field 00415nam a2200133Ia 4500
008 - FIXED-LENGTH DATA ELEMENTS--GENERAL INFORMATION
fixed length control field 230413s9999||||xx |||||||||||||| ||und||
020 ## - INTERNATIONAL STANDARD BOOK NUMBER
International Standard Book Number 9788126506460
082 ## - DEWEY DECIMAL CLASSIFICATION NUMBER
Classification number 338.76100416092
Item number Y681
100 ## - MAIN ENTRY--PERSONAL NAME
Personal name Young, Jeffrey S. & Simon, William L
245 #0 - TITLE STATEMENT
Title ICon: Steve Jobs, the greatest second act in the history of business
260 ## - PUBLICATION, DISTRIBUTION, ETC. (IMPRINT)
Place of publication, distribution, etc New Delhi
Name of publisher, distributor, etc John Wiley & Sons Inc.
Date of publication, distribution, etc 2005
300 ## - PHYSICAL DESCRIPTION
Extent 359 p.
942 ## - ADDED ENTRY ELEMENTS (KOHA)
Item type Books
Holdings
Withdrawn status Lost status Damaged status Not for loan Permanent location Current location Date acquired Source of acquisition Total Checkouts Full call number Barcode Date last seen Date last borrowed Koha item type
        IMU Kolkata IMU Kolkata 2023-04-13 Gifted by Shailendra S Kathait (6049) 1 338.76100416092 Y681 G00540 2026-02-11 2026-01-28 Books
Designed and Maintained by IMU-KC Library, Kolkata Campus © Copyright All Rights Reserved

webs counters

Powered by Koha